ბათუმის შოთა რუსთაველის სახელმწიფო უნივერსიტეტის ბიბლიოთეკა

Геополитика. (ბიბ.ჩანაწერი № 44424)

000 -LEADER
fixed length control field 00597nam a2200241Ia 4500
001 - CONTROL NUMBER
control field 11190
003 - CONTROL NUMBER IDENTIFIER
control field GE_BSU
008 - FIXED-LENGTH DATA ELEMENTS--GENERAL INFORMATION
fixed length control field 181216s||||||||xx |||||||||||||| ||und||
020 ## - INTERNATIONAL STANDARD BOOK NUMBER
International Standard Book Number 9785496007573
040 ## - CATALOGING SOURCE
Transcribing agency GE_BSU
080 ## - UNIVERSAL DECIMAL CLASSIFICATION NUMBER
Universal Decimal Classification number 327.2(47)
100 ## - MAIN ENTRY--PERSONAL NAME
Personal name Стариков,Н.В.
245 ## - TITLE STATEMENT
Title Геополитика.
245 ## - TITLE STATEMENT
Remainder of title Как это делается
245 ## - TITLE STATEMENT
Statement of responsibility, etc. Вед.ред. Е.Власова
260 ## - PUBLICATION, DISTRIBUTION, ETC.
Place of publication, distribution, etc. Москва
260 ## - PUBLICATION, DISTRIBUTION, ETC.
Name of publisher, distributor, etc. Питер
260 ## - PUBLICATION, DISTRIBUTION, ETC.
Date of publication, distribution, etc. 2014.
300 ## - PHYSICAL DESCRIPTION
Extent 368стр;ил;22см.
653 ## - INDEX TERM--UNCONTROLLED
Uncontrolled term Геополитика
942 ## - ADDED ENTRY ELEMENTS (KOHA)
Koha item type წიგნი
ეგზემპლარები
Withdrawn status Lost status Damaged status Not for loan Date acquired Barcode Date last seen Price effective from Koha item type
        2018-12-17 35390 2018-12-17 2018-12-17 წიგნი
        2018-12-17 36057 2018-12-17 2018-12-17 წიგნი
        2018-12-17 36058 2018-12-17 2018-12-17 წიგნი